00278nam a2200109Ia 4500008004100000082001500041100001600056245003300072260004700105300000800152650000800160191201s2009 xx 000 0 und d a338.5bMIP aMISHRA, S.K 0aPrinciples of Microeconomics aN. DelhibHimalaya Publication Housec2009 a409 aBBA